Statistics for Fast Typing A-Z with Yellow Box

Click here to take the quiz!

General Stats

  • This quiz has been taken 53 times
  • The average score is 24 of 26

Answer Stats

Letter% Correct
A
100%
B
100%
C
100%
D
100%
E
97%
F
94%
G
94%
H
94%
I
94%
J
94%
K
94%
L
94%
M
94%
N
94%
O
94%
P
94%
Q
94%
R
94%
S
94%
T
91%
U
91%
V
89%
W
89%
X
86%
Y
83%
Z
83%

Score Distribution

Percentile by Number Answered

Percent of People with Each Score

Your Score History

You have not taken this quiz